00710nam a22001937a 4500003001100000008004100011040003900052041000800091082001600099111008300115245003300198260005100231300005100282650004400333650002600377942000700403952009100410999001500501LK-CoMWRAF240611b |||||||| |||| 00| 0 eng d aLK-CoMWRAFdLK-CoMWRAFeLK-CoMWRAF aeng a305.42bWOM aTENTH NATIONAL CONVENTION ON WOMEN'S STUDIES c( Colombo, d2-6 th April 2006) aSESSION VIII:bSocial issues aColombo:b Centre for Women's Research, c2006 aVarious paging.; tablesbBibliography included aWOMEN'S STUDIES- Sri Lanka- Congresses  aWOMEN-Social problems cCP 00104070aMAINbMAINd2024-06-11l0o305.42 WOMpRAF5285r2024-06-11w2024-06-11yCP c4912d4912